000 00305nam a22001337a 4500
008 181102b xxu||||| |||| 00| 0 eng d
020 _a0070072647
041 _aeng
080 _211th
_a610
100 _a4
101 _aSHM
245 _aPrinciples of Internal Medicine
_cBraunwald,E
942 _2udc
_cBK
999 _c51701
_d51701